The political economy of dictatorship / (Record no. 12797)

000 -LEADER
fixed length control field 00627cam a2200193 a 4500
020 ## - INTERNATIONAL STANDARD BOOK NUMBER
ISBN 0521583292
040 ## - CATALOGING SOURCE
Transcribing agency DLC
082 00 - DEWEY DECIMAL CLASSIFICATION NUMBER
Classification number 338 CAM 1998 A021 Or.
100 1# - MAIN ENTRY--AUTHOR NAME
Personal name Wintrobe, Ronald.
245 14 - TITLE STATEMENT
Title The political economy of dictatorship /
260 ## - PUBLICATION, DISTRIBUTION, ETC. (IMPRINT)
Place of publication Cambridge, UK ;
-- New York, NY :
Name of publisher Cambridge University Press,
Year of publication 1998.
300 ## - PHYSICAL DESCRIPTION
Number of Pages x, 390 p. :
Other physical details ill. ;
Dimensions 24 cm.
650 #0 - SUBJECT ADDED ENTRY--TOPICAL TERM
Topical Term Dictatorship.
650 #0 - SUBJECT ADDED ENTRY--TOPICAL TERM
Topical Term Rational choice theory.
650 #0 - SUBJECT ADDED ENTRY--TOPICAL TERM
Topical Term Economic development.
856 42 - ELECTRONIC LOCATION AND ACCESS
Uniform Resource Identifier http://www.loc.gov/catdir/description/cam028/97024262.html
856 41 - ELECTRONIC LOCATION AND ACCESS
Uniform Resource Identifier http://www.loc.gov/catdir/toc/cam026/97024262.html
942 ## - ADDED ENTRY ELEMENTS (KOHA)
Koha item type សៀវភៅភាសាអង់គ្លេស
952 ## - LOCATION AND ITEM INFORMATION (KOHA)
Withdrawn status [LOCAL, KOHA] 0
Holdings
Permanent Location Date acquired Koha item type Lost status Shelving location Barcode Current Location Full call number
Library Block A2017-08-17សៀវភៅភាសាអង់គ្លេស A021A17886Library Block A338 CAM 1998 A021 Or.
មជ្ឈមណ្ឌលឯការនៃសាកលវិទ្យាល័យភូមិន្ទកសិកម្មចំការដូង

Powered by Koha